00572nam a2200193Ia 4500008004100000020001800041082000800059100003700067245005200104250000600156260001900162300001700181500002400198650001200222700003000234942000700264952009000271999001700361230524s9999 xx 000 0 und d a9788120350298 bKUS aDharmender Singh Kushwaha942682 0aData Structures : A Programming Approach with C a2 aNew DelhibPHI a"XIII,716p;" aQuantity Number: 1 aComp-Sc a Arun Kumar Misra942683 cBK 00104070aTATCLbTATCLcGENd2023-05-24l0o KUSp54035r2023-05-24w2023-05-24yBK c57673d57673